Normal view
MARC view
Entry Topical Term
001 - CONTROL NUMBER
- control field: 18553
003 - CONTROL NUMBER IDENTIFIER
- control field: BD-RjUL
005 - DATE AND TIME OF LATEST TRANSACTION
- control field: 20260520123029.0
008 - FIXED-LENGTH DATA ELEMENTS
- fixed length control field: 260520|| aca||aabn | a|a d
040 ## - CATALOGING SOURCE
- Original cataloging agency: BD-RjUL
- Transcribing agency: BD-RjUL
150 ## - HEADING--TOPICAL TERM
- Topical term or geographic name entry element: Islam and modern economic theories
670 ## - SOURCE DATA FOUND
- Source citation: Work cat.: (BD-RjUL)86522: اسلام اور جدید معاشی نظریات ;; Islam Aur jadid mashi nazaryat /, 1959